Coastal evolution : Late Quaternary shoreline morphodynamics

Αποθηκεύτηκε σε:
Λεπτομέρειες βιβλιογραφικής εγγραφής
Συγγραφή απο Οργανισμό/Αρχή: IGCP Project 274
Άλλοι συγγραφείς: Carter, Bill (R. W. G.) (Επιμελητής έκδοσης), Woodroffe, C. D. (Επιμελητής έκδοσης)
Μορφή: Βιβλίο
Γλώσσα:English
Δημοσίευση: Cambridge; New York : Cambridge University Press, 1997, 1994
Θέματα:
Ετικέτες: Προσθήκη ετικέτας
Δεν υπάρχουν, Καταχωρήστε ετικέτα πρώτοι!

MARC

LEADER 00000nam a2200000 i 4500
001 1/48374
008 070717s19971994 eng d
020 |a 0-521-59890-7 (pbk.) 
035 |l 10088897 
040 |a GR-MY-UA  |b gre  |e aacr 
041 0 |a eng 
082 0 |a 551.457  |2 (22) 
245 1 0 |a Coastal evolution :  |b Late Quaternary shoreline morphodynamics /  |c edited by R.W.G. Carter, C.D. Woodroffe 
260 |a Cambridge; New York :   |b Cambridge University Press,   |c 1997, 1994 
300 |a xxi, 517 σ.;  |b εικ.;  |c 24 εκ. 
500 |a Μια συνεργασία του IGCP PROJECT 274: Coastal Evolution in the Quaternary 
504 |a Περιέχει βιβλιογραφικές παραπομπές και ευρετήριο 
650 0 0 |a Paleogeography  |y Quaternary. 
650 0 0 |a Coast changes. 
700 1 |a Carter, Bill  |q (R. W. G.)  |4 edt 
700 1 |a Woodroffe, C. D.  |4 edt 
710 2 |a IGCP Project 274. 
852 |a INST  |b LESVOS  |e 20070717  |h 551.457 COA  |p 005100041393  |q 005100041393  |t BK  |y 0 
901 |a BIBL1-2007-2 
909 |a Λ  |b 135722 
922 |a 1ΕΛΗ  |b 200706  |c ΕΠΕΑΕΚ2/ΤΕΘ  |d ΠΑΠΑΣΩΤΗΡΙΟΥ 
970 |a ΚΑΡΑ  |b ΓΙΑΣΕΜΗ  |z 2007/07/17